00470 2200157 4500245006900000250001100069100002400080650002100104005001900125260006000144041001400204084000800218500005300226490002400279336000900303 aEnergi dan Ilmu Pengetahuan dan SainscJean-Claude CorbellhText aCet. 1 aJean-Claude Corbell aEnsiklopedia IPA a20231116090945 aJakartabPT.ENSIKLOPEDIA NASIONAL INDONESIA (ENI)c2012 aIndonesia a503 aDaftar Isi : Energi : Energi Geotermal dan Fosil aKamus IPA Bergambar atext